Best-laid plans (Record no. 84586)
[ view plain ]
| 000 -LEADER | |
|---|---|
| fixed length control field | 00713cab a22001935a 4500 |
| 001 - CONTROL NUMBER | |
| control field | L158396 |
| 008 - FIXED-LENGTH DATA ELEMENTS--GENERAL INFORMATION | |
| fixed length control field | 150130e20150124xxk 000 0 eng d |
| 035 ## - SYSTEM CONTROL NUMBER | |
| System control number | (Sirsi) u158396 |
| 041 0# - LANGUAGE CODE | |
| Language code of text/sound track or separate title | eng |
| 100 1# - MAIN ENTRY--PERSONAL NAME | |
| Personal name | Martin, John |
| 245 00 - TITLE STATEMENT | |
| Title | Best-laid plans |
| 260 ## - PUBLICATION, DISTRIBUTION, ETC. | |
| Date of publication, distribution, etc. | 2015 |
| 490 ## - SERIES STATEMENT | |
| Series statement | Estates Gazette |
| Volume/sequential designation | (1503) 24 January 2015, 78-79(2) |
| 520 ## - SUMMARY, ETC. | |
| Summary, etc. | How the principle of legitimate expectation applies in planning law. This is a principle of public law that is capable of applying in the context of town and country planning. Mentions the principles of substantive and procedural legitimate expectation. |
| 590 ## - LOCAL NOTE (RLIN) | |
| Local note | KA |
| 651 #4 - SUBJECT ADDED ENTRY--GEOGRAPHIC NAME | |
| Geographic name | United Kingdom |
| 690 ## - LOCAL SUBJECT ADDED ENTRY--TOPICAL TERM (OCLC, RLIN) | |
| Topical term or geographic name as entry element | Planning and development |
| 9 (RLIN) | 6259 |
| 942 ## - ADDED ENTRY ELEMENTS (KOHA) | |
| Suppress in OPAC | 0 |
| Withdrawn status | Lost status | Source of classification or shelving scheme | Damaged status | Not for loan | Home library | Current library | Shelving location | Date acquired | Total Checkouts | Full call number | Barcode | Date last seen | Copy number | Price effective from | Koha item type |
|---|---|---|---|---|---|---|---|---|---|---|---|---|---|---|---|
| Dewey Decimal Classification | London | London | Journal article | 30/01/2015 | L158396 | 158396-1001 | 06/08/2019 | 1 | 06/08/2019 | Journal article |